000 01495nam a2200337Ia 4500
001 ebr10425400
003 CaPaEBR
006 m u
007 cr cn|||||||||
008 100319s2010 ncu sb 001 0 eng d
010 _z 2010010135
020 _z9780807834251 (cloth : alk. paper)
040 _aCaPaEBR
_cCaPaEBR
035 _a(OCoLC)676697963
050 1 4 _aHQ18.U5
_bL49 2010eb
082 0 4 _a306.76/4097309045
_222
100 1 _aLewis, Carolyn Herbst.
245 1 0 _aPrescription for heterosexuality
_h[electronic resource] :
_bsexual citizenship in the Cold War era /
_cCarolyn Herbst Lewis.
260 _aChapel Hill :
_bUniversity of North Carolina Press,
_cc2010.
300 _axi, 228 p.
504 _aIncludes bibliographical references and index.
533 _aElectronic reproduction.
_bPalo Alto, Calif. :
_cebrary,
_d2010.
_nAvailable via World Wide Web.
_nAccess may be limited to ebrary affiliated libraries.
650 0 _aSex
_zUnited States
_xHistory
_y20th century.
650 0 _aHeterosexuality
_zUnited States
_xHistory
_y20th century.
650 0 _aMarried people
_xSexual behavior
_zUnited States
_xHistory
_y20th century.
650 0 _aCitizenship
_zUnited States
_xHistory
_y20th century.
651 0 _aUnited States
_xSocial conditions
_y20th century.
655 7 _aElectronic books.
_2local
710 2 _aebrary, Inc.
856 4 0 _uhttp://site.ebrary.com/lib/rucke/Doc?id=10425400
_zAn electronic book accessible through the World Wide Web; click to view
999 _c142704
_d142704